000 01183nam a22002297a 4500
005 20100809113322.0
010 _aHIN-90115
020 _a8181500873
_c225.00
035 _aHN-62461
037 _bDBAD / PUB
082 _a
100 _aखन्ना, नवीन
_99222
245 _aफूलमणि की दास्तान तथा अन्य कहानियां /
_cनवीन खन्ना
260 _aनई दिल्ली
_bअरावली बुक्स इंटरनेशनल
_c2008
270 _aडब्ल्यू 30, ओखला इंडस्ट्रियल एरिया, फेज-11
_bनई दिल्ली
_e110020
_k26388830-32
_l26388829
300 _a157पृ.
_c22सेमी (अजिल्द)
490 _aजिसके बलिदान से लगी बाल-विवाह पर रोक
_99223
650 _aलघु कथाएँ, हिन्दी
_91169
700 _99213
942 _2ddc
_cHN
_h
_mखन्नान
999 _c40314
_d40314